000 00712nam a2200289Ia 4500
005 20260324125559.0
008 008 260324s9999 xx 000 0 eng d
020 _a9781315418339
037 _aEBOOK
040 _aCRL
040 _beng
040 _cCRL
041 _2eng
041 _aeng
084 _qCRL
100 _aJuliet McMullin
_91178514
245 4 _aThe Healthy Ancestor
245 0 _bEmbodied Inequality and the Revitalization of Native Hawai’ian Health
260 _bTaylor and Francis
260 _c2009
365 _a
365 _b230
856 _uhttp://www.taylorfrancis.com/books/9781315418339
942 _cEBOOK
999 _c1773925
_d1773925